[Event "Czech Open GM 2020"]
[Site "Pardubice"]
[Date "2020.09.28"]
[Round "9.1"]
[White "Vrolijk, Liam"]
[Black "Van Foreest, Lucas"]
[Result "0-1"]
[WhiteElo "2481"]
[BlackElo "2531"]
[Annotator "ChessBase"]
[PlyCount "60"]
[EventDate "2020.09.21"]
[EventCountry "CZE"]
[SourceTitle "playchess.com"]
[Source "ChessBase"]
[SourceQuality "1"]
[TimeControl "40/5400+30:1800+30"]

1. c4 {[%emt 0:00:00]} f5 {[%emt 0:00:14]} 2. d4 {[%emt 0:00:35]} Nf6 {[%emt 0:00:28]} 3. g3 {[%emt 0:00:19]} d6 {[%emt 0:01:06]} 4. Nf3 {[%emt 0:01:21]} e6 {[%emt 0:00:12]} 5. Bg2 {[%emt 0:00:17]} Be7 {[%emt 0:00:19]} 6. Nc3 {[%emt 0:00:29]} O-O {[%emt 0:00:39]} 7. b3 {[%emt 0:00:05]} Ne4 {[%emt 0:06:32]} 8. Bb2 {[%emt 0:00:07]} b6 {[%emt 0:01:08]} 9. Nd2 {[%emt 0:12:04]} d5 {[%emt 0:00:06]} 10. cxd5 {[%emt 0:01:56]} exd5 {[%emt 0:01:37]} 11. O-O {[%emt 0:00:21]} Bb7 {[%emt 0:00:45]} 12. Nf3 {[%emt 0:02:23]} Nd7 {[%emt 0:00:28]} 13. e3 {[%emt 0:02:30]} a5 {[%emt 0:24:47]} 14. Rc1 {[%emt 0:05:03]} Nxc3 {[%emt 0:00:04]} 15. Bxc3 {[%emt 0:03:31]} c6 {[%emt 0:00:56]} 16. Qc2 {[%emt 0:02:36]} Bd6 {[%emt 0:00:10]} 17. Ne1 {[%emt 0:04:22]} Qe7 {[%emt 0:00:11]} 18. Nd3 {[%emt 0:00:32]} Rae8 {[%emt 0:01:28]} 19. Rb1 {[%emt 0:01:04]} Rf6 {[%emt 0:04:26]} 20. b4 {[%emt 0:02:22]} axb4 {[%emt 0:00:07]} 21. Bxb4 {[%emt 0:00:06]} Ra8 {[%emt 0:02:23]} 22. Rfc1 {[%emt 0:01:19]} Bxb4 {[%emt 0:03:39]} 23. Nxb4 {[%emt 0:02:08]} Qd6 {[%emt 0:12:56]} 24. a4 {[%emt 0:03:55]} Ra5 {[%emt 0:02:01]} 25. Qb3 {[%emt 0:02:53]} Rf8 {[%emt 0:08:05]} 26. Rc3 {[%emt 0:01:51]} Kh8 {[%emt 0:03:21]} 27. Rbc1 {[%emt 0:04:23]} c5 {[%emt 0:00:20]} 28. dxc5 {[%emt 0:06:53]} Nxc5 {[%emt 0:00:41]} 29. Qc2 {[%emt 0:01:11]} Nxa4 {[%emt 0:00:57]} 30. Rc7 {[%emt 0:01:02]} Nc5 {[%emt 0:04:28]} 0-1

[Event "Czech Open GM 2020"]
[Site "Pardubice"]
[Date "2020.09.28"]
[Round "9.2"]
[White "Stocek, Jiri"]
[Black "Kevlishvili, Robby"]
[Result "1/2-1/2"]
[WhiteElo "2595"]
[BlackElo "2478"]
[Annotator "ChessBase"]
[PlyCount "76"]
[EventDate "2020.09.21"]
[EventCountry "CZE"]
[SourceTitle "playchess.com"]
[Source "ChessBase"]
[SourceQuality "1"]
[TimeControl "40/5400+30:1800+30"]

1. d4 {[%emt 0:00:00]} d5 {[%emt 0:05:00]} 2. c4 {[%emt 0:01:33]} e6 {[%emt 0:00:06]} 3. Nf3 {[%emt 0:02:21]} a6 {[%emt 0:00:26]} 4. Nc3 {[%emt 0:04:17]} dxc4 {[%emt 0:00:55]} 5. a4 {[%emt 0:17:56]} Nc6 {[%emt 0:00:06]} 6. e3 {[%emt 0:00:12]} Na5 {[%emt 0:00:05]} 7. Ne5 {[%emt 0:01:27]} Nf6 {[%emt 0:07:13]} 8. Bxc4 {[%emt 0:04:01]} Nxc4 {[%emt 0:01:50]} 9. Nxc4 {[%emt 0:00:04]} b6 {[%emt 0:04:57]} 10. e4 {[%emt 0:01:17]} Bb7 {[%emt 0:00:42]} 11. f3 {[%emt 0:00:39]} Be7 {[%emt 0:02:04]} 12. Be3 {[%emt 0:01:12]} O-O {[%emt 0:00:31]} 13. O-O {[%emt 0:00:37]} Qd7 {[%emt 0:06:36]} 14. Qb3 {[%emt 0:03:25]} Rfd8 {[%emt 0:02:06]} 15. Rfd1 {[%emt 0:00:57]} Qe8 {[%emt 0:03:33]} 16. Rac1 {[%emt 0:01:42]} Rac8 {[%emt 0:01:36]} 17. Ne2 {[%emt 0:16:08]} Bc6 {[%emt 0:01:20]} 18. Ra1 {[%emt 0:00:57]} Nd7 {[%emt 0:08:11]} 19. Nf4 {[%emt 0:02:45]} Bb7 {[%emt 0:06:01]} 20. Nd3 {[%emt 0:03:33]} Nb8 {[%emt 0:01:48]} 21. a5 {[%emt 0:05:27]} b5 {[%emt 0:07:32]} 22. Nce5 {[%emt 0:00:42]} Nc6 {[%emt 0:00:15]} 23. Nxc6 {[%emt 0:00:17]} Bxc6 {[%emt 0:00:11]} 24. Rac1 {[%emt 0:04:23]} b4 {[%emt 0:03:53]} 25. Qc2 {[%emt 0:00:37]} Bb5 {[%emt 0:01:22]} 26. Nc5 {[%emt 0:00:41]} Rb8 {[%emt 0:02:59]} 27. b3 {[%emt 0:03:47]} Bd6 {[%emt 0:03:05]} 28. Nd3 {[%emt 0:02:08]} c6 {[%emt 0:00:41]} 29. Nb2 {[%emt 0:02:03]} Bc7 {[%emt 0:03:16]} 30. Nc4 {[%emt 0:00:08]} h6 {[%emt 0:00:16]} 31. Bf2 {[%emt 0:01:12]} Qe7 {[%emt 0:01:19]} 32. Ne5 {[%emt 0:04:31]} Bxe5 {[%emt 0:01:32]} 33. dxe5 {[%emt 0:00:04]} Rxd1+ {[%emt 0:00:03]} 34. Rxd1 {[%emt 0:01:05]} Rd8 {[%emt 0:00:05]} 35. f4 {[%emt 0:03:14]} Rd7 {[%emt 0:01:34]} 36. h3 {[%emt 0:05:19]} Qd8 {[%emt 0:00:06]} 37. Rxd7 {[%emt 0:00:11]} Qxd7 {[%emt 0:00:07]} 38. Bc5 {[%emt 0:00:33]} Qd3 {[%emt 0:00:11]} 1/2-1/2

[Event "Czech Open GM 2020"]
[Site "Pardubice"]
[Date "2020.09.28"]
[Round "9.3"]
[White "Noe, Christopher"]
[Black "Mendonca, Leon Luke"]
[Result "1/2-1/2"]
[WhiteElo "2519"]
[BlackElo "2490"]
[Annotator "ChessBase"]
[PlyCount "128"]
[EventDate "2020.09.21"]
[EventCountry "CZE"]
[SourceTitle "playchess.com"]
[Source "ChessBase"]
[SourceQuality "1"]
[TimeControl "40/5400+30:1800+30"]

1. d4 {[%emt 0:00:43]} Nf6 {[%emt 0:00:00]} 2. c4 {[%emt 0:00:07]} c6 {[%emt 0:00:25]} 3. Nc3 {[%emt 0:01:22]} d5 {[%emt 0:00:17]} 4. Nf3 {[%emt 0:00:28]} e6 {[%emt 0:01:10]} 5. e3 {[%emt 0:01:33]} Nbd7 {[%emt 0:00:57]} 6. Qc2 {[%emt 0:01:58]} Bd6 {[%emt 0:01:48]} 7. Bd3 {[%emt 0:01:54]} O-O {[%emt 0:02:01]} 8. O-O {[%emt 0:00:24]} dxc4 {[%emt 0:01:01]} 9. Bxc4 {[%emt 0:00:11]} b5 {[%emt 0:00:46]} 10. Be2 {[%emt 0:03:24]} a6 {[%emt 0:03:52]} 11. Ng5 {[%emt 0:00:15]} Be7 {[%emt 0:03:57]} 12. Nge4 {[%emt 0:19:16]} Bb7 {[%emt 0:02:42]} 13. a3 {[%emt 0:01:10]} c5 {[%emt 0:23:05]} 14. Nxc5 {[%emt 0:01:41]} Nxc5 {[%emt 0:01:17]} 15. dxc5 {[%emt 0:00:06]} Bxc5 {[%emt 0:00:36]} 16. Nxb5 {[%emt 0:02:28]} Rc8 {[%emt 0:02:33]} 17. Nc3 {[%emt 0:04:58]} Bd6 {[%emt 0:07:15]} 18. h3 {[%emt 0:14:26]} Bb8 {[%emt 0:07:03]} 19. Qa4 {[%emt 0:05:02]} Qc7 {[%emt 0:07:57]} 20. f4 {[%emt 0:00:50]} Qb6 {[%emt 0:03:17]} 21. Qb4 {[%emt 0:13:54]} Qa7 {[%emt 0:06:20]} 22. Bf3 {[%emt 0:04:38]} Bxf3 {[%emt 0:01:54]} 23. Rxf3 {[%emt 0:00:02]} Rfd8 {[%emt 0:01:07]} 24. Qa4 {[%emt 0:03:36]} Qb7 {[%emt 0:10:16]} 25. Qc2 {[%emt 0:01:20]} Ba7 {[%emt 0:03:07]} 26. Bd2 {[%emt 0:00:18]} Rd7 {[%emt 0:00:42]} 27. Re1 {[%emt 0:01:18]} h6 {[%emt 0:02:57]} 28. Kh2 {[%emt 0:02:00]} Rcd8 {[%emt 0:02:50]} 29. Bc1 {[%emt 0:00:31]} e5 {[%emt 0:01:54]} 30. e4 {[%emt 0:07:09]} Bd4 {[%emt 0:00:57]} 31. f5 {[%emt 0:02:32]} Rc8 {[%emt 0:00:41]} 32. Qe2 {[%emt 0:04:37]} Rdc7 {[%emt 0:00:39]} 33. Qc2 {[%emt 0:01:17]} Bxc3 {[%emt 0:00:34]} 34. bxc3 {[%emt 0:00:16]} Rc4 {[%emt 0:00:26]} 35. Rfe3 {[%emt 0:00:38]} Qc6 {[%emt 0:00:28]} 36. Qf2 {[%emt 0:00:40]} Nxe4 {[%emt 0:00:36]} 37. Qf3 {[%emt 0:00:24]} Nf6 {[%emt 0:00:29]} 38. Qxc6 {[%emt 0:00:44]} R8xc6 {[%emt 0:00:10]} 39. Rxe5 {[%emt 0:00:17]} Rxc3 {[%emt 0:00:09]} 40. Bb2 {[%emt 0:00:28]} Rb3 {[%emt 0:00:56]} 41. R1e2 {[%emt 0:30:40]} h5 {[%emt 0:06:34]} 42. Rd2 {[%emt 0:00:00]} Rcb6 {[%emt 0:11:14]} 43. Rd8+ {[%emt 0:00:00]} Kh7 {[%emt 0:00:08]} 44. Bd4 {[%emt 0:00:00]} R6b5 {[%emt 0:07:05]} 45. Rxb5 {[%emt 0:00:00]} Rxb5 {[%emt 0:00:38]} 46. Ra8 {[%emt 0:00:00]} Ra5 {[%emt 0:01:52]} 47. Bb2 {[%emt 0:00:00]} Ne4 {[%emt 0:02:16]} 48. Ra7 {[%emt 0:00:00]} f6 {[%emt 0:00:31]} 49. Re7 {[%emt 0:00:00]} Ra4 {[%emt 0:00:37]} 50. Rc7 {[%emt 0:01:57]} h4 {[%emt 0:01:47]} 51. Kg1 {[%emt 0:00:05]} Kh6 {[%emt 0:01:31]} 52. Bc1+ {[%emt 0:00:39]} Kh7 {[%emt 0:00:36]} 53. Bb2 {[%emt 0:00:07]} Nd6 {[%emt 0:01:42]} 54. Rd7 {[%emt 0:03:32]} Nxf5 {[%emt 0:00:34]} 55. Bxf6 {[%emt 0:00:06]} Rxa3 {[%emt 0:00:25]} 56. Kf2 {[%emt 0:00:31]} Kg6 {[%emt 0:00:36]} 57. Be5 {[%emt 0:00:33]} Ra5 {[%emt 0:00:33]} 58. Bc3 {[%emt 0:00:46]} Ra3 {[%emt 0:00:32]} 59. Rc7 {[%emt 0:00:31]} Ra2+ {[%emt 0:00:34]} 60. Kf3 {[%emt 0:00:32]} Ra4 {[%emt 0:00:06]} 61. Rc6+ {[%emt 0:00:26]} Kf7 {[%emt 0:00:28]} 62. Rc7+ {[%emt 0:00:12]} Kg6 {[%emt 0:00:47]} 63. Rc6+ {[%emt 0:00:05]} Kf7 {[%emt 0:00:40]} 64. Rc7+ {[%emt 0:00:21]} Kg6 {[%emt 0:00:29]} 1/2-1/2

[Event "Czech Open GM 2020"]
[Site "Pardubice"]
[Date "2020.09.28"]
[Round "9.4"]
[White "Jarmula, Lukasz"]
[Black "Golubka, Petro"]
[Result "1-0"]
[WhiteElo "2444"]
[BlackElo "2488"]
[Annotator "ChessBase"]
[PlyCount "66"]
[EventDate "2020.09.21"]
[EventCountry "CZE"]
[SourceTitle "playchess.com"]
[Source "ChessBase"]
[SourceQuality "1"]
[TimeControl "40/5400+30:1800+30"]

1. d4 {[%emt 0:00:00]} Nf6 {[%emt 0:07:55]} 2. c4 {[%emt 0:00:00]} e6 {[%emt 0:00:30]} 3. Nc3 {[%emt 0:00:00]} Bb4 {[%emt 0:00:10]} 4. f3 {[%emt 0:00:00]} d5 {[%emt 0:07:02]} 5. a3 {[%emt 0:00:01]} Be7 {[%emt 0:00:09]} 6. e4 {[%emt 0:00:10]} dxe4 {[%emt 0:01:38]} 7. fxe4 {[%emt 0:00:10]} c5 {[%emt 0:00:05]} 8. d5 {[%emt 0:00:25]} exd5 {[%emt 0:00:26]} 9. exd5 {[%emt 0:01:03]} O-O {[%emt 0:02:45]} 10. Be2 {[%emt 0:08:51]} Re8 {[%emt 0:08:06]} 11. Nf3 {[%emt 0:00:31]} Bg4 {[%emt 0:04:17]} 12. O-O {[%emt 0:01:38]} Nbd7 {[%emt 0:01:19]} 13. d6 {[%emt 0:11:27]} Bf8 {[%emt 0:01:10]} 14. h3 {[%emt 0:05:39]} Bh5 {[%emt 0:01:55]} 15. Nb5 {[%emt 0:03:52]} Qb6 {[%emt 0:03:39]} 16. Nc7 {[%emt 0:02:34]} Bxd6 {[%emt 0:00:31]} 17. Nxa8 {[%emt 0:00:10]} Rxa8 {[%emt 0:00:02]} 18. Nh4 {[%emt 0:09:09]} Bg6 {[%emt 0:00:35]} 19. Nxg6 {[%emt 0:04:01]} hxg6 {[%emt 0:01:22]} 20. Bf3 {[%emt 0:01:06]} Be5 {[%emt 0:03:00]} 21. Be3 {[%emt 0:09:38]} Re8 {[%emt 0:01:41]} 22. Rb1 {[%emt 0:03:55]} Bb8 {[%emt 0:13:04]} 23. Re1 {[%emt 0:01:13]} a5 {[%emt 0:01:49]} 24. Bf2 {[%emt 0:02:02]} Rd8 {[%emt 0:04:46]} 25. Qe2 {[%emt 0:02:09]} Qc7 {[%emt 0:00:40]} 26. Kf1 {[%emt 0:01:06]} Qh2 {[%emt 0:03:01]} 27. Bg1 {[%emt 0:02:06]} Qh1 {[%emt 0:01:18]} 28. Qf2 {[%emt 0:04:29]} Ne5 {[%emt 0:03:36]} 29. Rbd1 {[%emt 0:00:31]} Rf8 {[%emt 0:18:23]} 30. Bxb7 {[%emt 0:08:39]} Nh5 {[%emt 0:03:53]} 31. Re3 {[%emt 0:01:11]} Nxc4 {[%emt 0:04:52]} 32. Rc3 {[%emt 0:03:17]} Nd6 {[%emt 0:01:20]} 33. Bd5 {[%emt 0:07:26]} Nf5 {[%emt 0:00:00]} 1-0

[Event "Czech Open GM 2020"]
[Site "Pardubice"]
[Date "2020.09.28"]
[Round "9.5"]
[White "Plat, Vojtech"]
[Black "Sorensen, Hampus"]
[Result "1-0"]
[WhiteElo "2566"]
[BlackElo "2361"]
[Annotator "ChessBase"]
[PlyCount "57"]
[EventDate "2020.09.21"]
[EventCountry "CZE"]
[SourceTitle "playchess.com"]
[Source "ChessBase"]
[SourceQuality "1"]
[TimeControl "40/5400+30:1800+30"]

1. d4 {[%emt 0:00:00]} d5 {[%emt 0:00:00]} 2. c4 {[%emt 0:00:00]} c6 {[%emt 0:00:30]} 3. Nc3 {[%emt 0:00:00]} Nf6 {[%emt 0:00:48]} 4. cxd5 {[%emt 0:00:00]} cxd5 {[%emt 0:00:17]} 5. Bf4 {[%emt 0:00:00]} Nc6 {[%emt 0:01:42]} 6. e3 {[%emt 0:00:46]} a6 {[%emt 0:01:56]} 7. Rc1 {[%emt 0:00:05]} Bf5 {[%emt 0:04:12]} 8. Nf3 {[%emt 0:01:09]} e6 {[%emt 0:07:48]} 9. Qb3 {[%emt 0:01:49]} Ra7 {[%emt 0:03:39]} 10. Ne5 {[%emt 0:03:11]} Be7 {[%emt 0:02:40]} 11. Nxc6 {[%emt 0:04:03]} bxc6 {[%emt 0:00:08]} 12. Be2 {[%emt 0:00:27]} Nd7 {[%emt 0:04:54]} 13. Na4 {[%emt 0:06:09]} Qa5+ {[%emt 0:07:24]} 14. Kf1 {[%emt 0:03:25]} O-O {[%emt 0:03:28]} 15. Rxc6 {[%emt 0:03:12]} g5 {[%emt 0:12:56]} 16. Bg3 {[%emt 0:01:06]} Bg6 {[%emt 0:00:53]} 17. f3 {[%emt 0:00:42]} Qd8 {[%emt 0:05:37]} 18. Qc3 {[%emt 0:14:34]} a5 {[%emt 0:09:27]} 19. Kf2 {[%emt 0:04:26]} Bb4 {[%emt 0:03:39]} 20. Qc1 {[%emt 0:00:06]} Re8 {[%emt 0:08:03]} 21. a3 {[%emt 0:01:55]} Bf8 {[%emt 0:00:28]} 22. Rc7 {[%emt 0:00:24]} Qa8 {[%emt 0:03:02]} 23. Bb5 {[%emt 0:00:56]} Rxc7 {[%emt 0:03:11]} 24. Qxc7 {[%emt 0:00:54]} Rc8 {[%emt 0:00:22]} 25. Qxd7 {[%emt 0:00:03]} Rc2+ {[%emt 0:00:23]} 26. Be2 {[%emt 0:00:02]} Bd3 {[%emt 0:02:07]} 27. Re1 {[%emt 0:00:40]} Qa6 {[%emt 0:00:08]} 28. Nc3 {[%emt 0:00:07]} Rxb2 {[%emt 0:00:22]} 29. Qd8 {[%emt 0:00:27]} 1-0

[Event "Czech Open GM 2020"]
[Site "Pardubice"]
[Date "2020.09.28"]
[Round "9.6"]
[White "Petr, Martin"]
[Black "Stalmach, Richard"]
[Result "1-0"]
[WhiteElo "2484"]
[BlackElo "2287"]
[Annotator "ChessBase"]
[PlyCount "41"]
[EventDate "2020.09.21"]
[EventCountry "CZE"]
[SourceTitle "playchess.com"]
[Source "ChessBase"]
[SourceQuality "1"]
[TimeControl "40/5400+30:1800+30"]

1. e4 {[%emt 0:02:09]} c5 {[%emt 0:00:00]} 2. Nf3 {[%emt 0:00:08]} e6 {[%emt 0:00:00]} 3. d3 {[%emt 0:00:15]} Nc6 {[%emt 0:00:43]} 4. g3 {[%emt 0:00:10]} d5 {[%emt 0:00:34]} 5. Qe2 {[%emt 0:00:07]} Nf6 {[%emt 0:01:14]} 6. Bg2 {[%emt 0:00:06]} Be7 {[%emt 0:00:19]} 7. O-O {[%emt 0:00:07]} O-O {[%emt 0:00:13]} 8. e5 {[%emt 0:00:03]} Nd7 {[%emt 0:00:07]} 9. c4 {[%emt 0:00:04]} Rb8 {[%emt 0:12:44]} 10. h4 {[%emt 0:11:48]} h6 {[%emt 0:05:40]} 11. Bf4 {[%emt 0:01:37]} d4 {[%emt 0:26:14]} 12. Na3 {[%emt 0:10:01]} b6 {[%emt 0:02:07]} 13. Rfe1 {[%emt 0:01:08]} a6 {[%emt 0:03:23]} 14. Qd2 {[%emt 0:04:55]} Bb7 {[%emt 0:00:00]} 15. Bxh6 {[%emt 0:07:10]} gxh6 {[%emt 0:01:56]} 16. Qxh6 Nb4 {[%emt 0:00:13]} 17. Ng5 Bxg5 18. hxg5 Nxd3 {[%emt 0:06:26]} 19. Re4 {[%emt 0:19:28]} Qe7 {[%emt 0:30:38]} 20. Rh4 {[%emt 0:00:00]} f5 {[%emt 0:00:06]} 21. gxf6 {[%emt 0:00:00]} 1-0

[Event "Czech Open GM 2020"]
[Site "Pardubice"]
[Date "2020.09.28"]
[Round "9.8"]
[White "Zwardon, Vojtech"]
[Black "Storme, Isak"]
[Result "1/2-1/2"]
[WhiteElo "2455"]
[BlackElo "2353"]
[Annotator "ChessBase"]
[PlyCount "101"]
[EventDate "2020.09.21"]
[EventCountry "CZE"]
[SourceTitle "playchess.com"]
[Source "ChessBase"]
[SourceQuality "1"]
[TimeControl "40/5400+30:1800+30"]

1. c4 {[%emt 0:00:00]} e5 {[%emt 0:00:00]} 2. g3 {[%emt 0:00:00]} d6 {[%emt 0:00:07]} 3. Bg2 {[%emt 0:00:00]} g6 {[%emt 0:00:08]} 4. Nc3 {[%emt 0:01:01]} Bg7 {[%emt 0:00:20]} 5. e3 {[%emt 0:00:38]} Nf6 {[%emt 0:01:28]} 6. d4 {[%emt 0:01:48]} exd4 {[%emt 0:05:40]} 7. exd4 {[%emt 0:00:13]} O-O {[%emt 0:00:19]} 8. Nge2 {[%emt 0:00:05]} Nc6 {[%emt 0:01:00]} 9. O-O {[%emt 0:00:23]} Re8 {[%emt 0:01:16]} 10. h3 {[%emt 0:00:04]} Ne7 {[%emt 0:18:57]} 11. d5 {[%emt 0:02:01]} a6 {[%emt 0:03:53]} 12. Qd2 {[%emt 0:08:33]} Rb8 {[%emt 0:06:47]} 13. a4 {[%emt 0:01:15]} Nd7 {[%emt 0:04:10]} 14. Nd4 {[%emt 0:06:19]} Ne5 {[%emt 0:04:36]} 15. b3 {[%emt 0:01:12]} c5 {[%emt 0:00:42]} 16. dxc6 {[%emt 0:01:00]} bxc6 {[%emt 0:00:25]} 17. f4 {[%emt 0:02:59]} c5 {[%emt 0:00:29]} 18. fxe5 {[%emt 0:05:05]} cxd4 {[%emt 0:00:06]} 19. Nd5 {[%emt 0:00:18]} dxe5 {[%emt 0:02:09]} 20. Qf2 {[%emt 0:00:18]} Be6 {[%emt 0:03:15]} 21. Bg5 {[%emt 0:03:37]} f5 {[%emt 0:02:47]} 22. Nxe7+ {[%emt 0:15:24]} Rxe7 {[%emt 0:00:08]} 23. g4 {[%emt 0:02:58]} h6 {[%emt 0:07:25]} 24. Bxe7 {[%emt 0:01:26]} Qxe7 {[%emt 0:00:06]} 25. gxf5 {[%emt 0:01:07]} Bxf5 {[%emt 0:00:48]} 26. Qg3 {[%emt 0:00:48]} Rf8 {[%emt 0:07:50]} 27. Rae1 {[%emt 0:01:23]} e4 {[%emt 0:01:50]} 28. Bxe4 {[%emt 0:05:39]} Bxe4 {[%emt 0:00:11]} 29. Rf4 {[%emt 0:01:33]} Be5 {[%emt 0:12:07]} 30. Rfxe4 {[%emt 0:01:05]} Bxg3 {[%emt 0:00:07]} 31. Rxe7 {[%emt 0:00:08]} Bxe1 {[%emt 0:00:07]} 32. Rxe1 {[%emt 0:00:02]} Rf3 {[%emt 0:01:23]} 33. b4 {[%emt 0:07:03]} Rc3 {[%emt 0:03:42]} 34. c5 {[%emt 0:04:23]} Kf7 {[%emt 0:02:45]} 35. Kf2 {[%emt 0:02:15]} Rc4 {[%emt 0:00:26]} 36. Rb1 {[%emt 0:00:17]} Ke6 {[%emt 0:00:56]} 37. b5 {[%emt 0:00:53]} axb5 {[%emt 0:00:28]} 38. axb5 {[%emt 0:00:06]} Rxc5 {[%emt 0:00:36]} 39. b6 {[%emt 0:00:17]} Rc8 {[%emt 0:00:14]} 40. Ke2 {[%emt 0:00:34]} Kd5 {[%emt 0:02:25]} 41. Kd3 {[%emt 0:30:14]} Rc3+ {[%emt 0:30:36]} 42. Kd2 {[%emt 0:00:10]} Rc8 {[%emt 0:00:07]} 43. b7 {[%emt 0:01:04]} Rb8 {[%emt 0:00:07]} 44. Kd3 {[%emt 0:00:03]} g5 {[%emt 0:00:24]} 45. Rb4 {[%emt 0:03:16]} Kc6 {[%emt 0:01:08]} 46. Kxd4 {[%emt 0:00:24]} Rxb7 {[%emt 0:00:12]} 47. Rxb7 {[%emt 0:00:06]} Kxb7 {[%emt 0:00:06]} 48. Ke5 {[%emt 0:00:03]} h5 {[%emt 0:00:11]} 49. Kf5 {[%emt 0:00:04]} g4 {[%emt 0:00:20]} 50. hxg4 {[%emt 0:00:03]} hxg4 {[%emt 0:00:07]} 51. Kxg4 {[%emt 0:00:04]} 1/2-1/2

[Event "Czech Open GM 2020"]
[Site "Pardubice"]
[Date "2020.09.28"]
[Round "9.9"]
[White "Parvanyan, Ashot"]
[Black "Nemec, Jachym"]
[Result "1-0"]
[WhiteElo "2458"]
[BlackElo "2150"]
[Annotator "ChessBase"]
[PlyCount "59"]
[EventDate "2020.09.21"]
[EventCountry "CZE"]
[SourceTitle "playchess.com"]
[Source "ChessBase"]
[SourceQuality "1"]
[TimeControl "40/5400+30:1800+30"]

1. Nf3 {[%emt 0:00:00]} Nf6 {[%emt 0:00:00]} 2. c4 {[%emt 0:00:00]} c6 {[%emt 0:00:42]} 3. d4 {[%emt 0:02:13]} d5 {[%emt 0:00:19]} 4. Qb3 {[%emt 0:00:09]} dxc4 {[%emt 0:00:05]} 5. Qxc4 {[%emt 0:00:04]} Bf5 {[%emt 0:00:07]} 6. g3 {[%emt 0:01:15]} Nbd7 {[%emt 0:00:14]} 7. Bg2 {[%emt 0:00:07]} e6 {[%emt 0:00:05]} 8. O-O {[%emt 0:01:56]} Be7 {[%emt 0:00:06]} 9. Re1 {[%emt 0:03:55]} Rc8 {[%emt 0:03:25]} 10. Nc3 {[%emt 0:07:31]} b5 {[%emt 0:00:14]} 11. Qb3 {[%emt 0:00:24]} b4 {[%emt 0:01:15]} 12. Na4 {[%emt 0:14:22]} Be4 {[%emt 0:00:33]} 13. Bg5 {[%emt 0:02:32]} O-O {[%emt 0:02:24]} 14. Bxf6 {[%emt 0:13:07]} Nxf6 {[%emt 0:00:23]} 15. Nc5 {[%emt 0:00:16]} Bxf3 {[%emt 0:01:32]} 16. Bxf3 {[%emt 0:04:02]} Bxc5 {[%emt 0:01:52]} 17. dxc5 {[%emt 0:00:05]} Qa5 {[%emt 0:01:20]} 18. Rec1 {[%emt 0:03:53]} Rc7 {[%emt 0:03:16]} 19. Rc4 {[%emt 0:07:38]} Rb8 {[%emt 0:07:17]} 20. a3 {[%emt 0:00:55]} Nd7 {[%emt 0:05:07]} 21. Rxb4 {[%emt 0:01:03]} Rbc8 {[%emt 0:00:11]} 22. Rd1 {[%emt 0:09:00]} Qxc5 {[%emt 0:01:20]} 23. Rbd4 {[%emt 0:02:48]} Nf8 {[%emt 0:02:26]} 24. Rd8 {[%emt 0:08:40]} Rxd8 {[%emt 0:00:08]} 25. Rxd8 {[%emt 0:00:07]} Qe7 {[%emt 0:00:06]} 26. Qb8 {[%emt 0:00:43]} Rd7 {[%emt 0:00:49]} 27. Re8 {[%emt 0:02:19]} Qc5 {[%emt 0:02:29]} 28. b4 {[%emt 0:00:57]} Qd6 {[%emt 0:00:56]} 29. Qc8 {[%emt 0:00:22]} a5 {[%emt 0:01:39]} 30. Rxf8+ {[%emt 0:00:28]} 1-0

[Event "Czech Open GM 2020"]
[Site "Pardubice"]
[Date "2020.09.28"]
[Round "9.10"]
[White "Mica, Marek"]
[Black "Haba, Petr"]
[Result "1/2-1/2"]
[WhiteElo "2290"]
[BlackElo "2461"]
[Annotator "ChessBase"]
[PlyCount "75"]
[EventDate "2020.09.21"]
[EventCountry "CZE"]
[SourceTitle "playchess.com"]
[Source "ChessBase"]
[SourceQuality "1"]
[TimeControl "40/5400+30:1800+30"]

1. d4 {[%emt 0:00:00]} d5 {[%emt 0:00:00]} 2. c4 {[%emt 0:00:00]} dxc4 {[%emt 0:00:00]} 3. Nf3 {[%emt 0:00:19]} Nf6 {[%emt 0:00:05]} 4. e3 {[%emt 0:00:21]} e6 {[%emt 0:00:11]} 5. Bxc4 {[%emt 0:00:12]} c5 {[%emt 0:00:06]} 6. O-O {[%emt 0:00:22]} a6 {[%emt 0:00:03]} 7. dxc5 {[%emt 0:06:39]} Bxc5 {[%emt 0:02:36]} 8. Qxd8+ {[%emt 0:01:05]} Kxd8 {[%emt 0:00:03]} 9. Nbd2 {[%emt 0:00:49]} Ke7 {[%emt 0:02:08]} 10. Be2 {[%emt 0:05:30]} Nc6 {[%emt 0:04:05]} 11. Nc4 {[%emt 0:01:00]} Nd7 {[%emt 0:11:34]} 12. Bd2 {[%emt 0:09:00]} b5 {[%emt 0:00:59]} 13. Na5 {[%emt 0:00:38]} Nxa5 {[%emt 0:00:06]} 14. Bxa5 {[%emt 0:00:14]} Bb7 {[%emt 0:00:06]} 15. Rac1 {[%emt 0:01:32]} Rhc8 {[%emt 0:00:58]} 16. Nd2 {[%emt 0:02:00]} Bd6 {[%emt 0:04:39]} 17. Nb3 {[%emt 0:07:12]} Ne5 {[%emt 0:07:04]} 18. f3 {[%emt 0:04:35]} Bd5 {[%emt 0:05:39]} 19. Nd4 {[%emt 0:09:52]} Nc4 {[%emt 0:10:45]} 20. Bxc4 {[%emt 0:00:50]} Bxc4 {[%emt 0:00:04]} 21. Rfd1 {[%emt 0:00:16]} g6 {[%emt 0:00:32]} 22. b3 {[%emt 0:03:31]} Bd5 {[%emt 0:00:25]} 23. Nc2 {[%emt 0:01:25]} Be5 {[%emt 0:04:54]} 24. Nb4 {[%emt 0:01:39]} Bb7 {[%emt 0:10:10]} 25. Nd3 {[%emt 0:01:21]} Bd6 {[%emt 0:04:03]} 26. Kf2 {[%emt 0:02:32]} Ba3 {[%emt 0:11:24]} 27. Bb4+ {[%emt 0:01:46]} Bxb4 {[%emt 0:00:05]} 28. Nxb4 {[%emt 0:00:09]} a5 {[%emt 0:00:02]} 29. Nd3 {[%emt 0:00:27]} b4 {[%emt 0:00:28]} 30. Ne5 {[%emt 0:05:43]} Bd5 {[%emt 0:12:24]} 31. e4 {[%emt 0:06:13]} f6 {[%emt 0:00:06]} 32. Nd3 {[%emt 0:00:53]} Bb7 {[%emt 0:01:49]} 33. Ke3 {[%emt 0:04:17]} Ba6 {[%emt 0:02:03]} 34. Rxc8 {[%emt 0:05:51]} Rxc8 {[%emt 0:00:24]} 35. Rc1 {[%emt 0:00:22]} Rxc1 {[%emt 0:01:44]} 36. Nxc1 {[%emt 0:01:43]} e5 37. Nd3 {[%emt 0:00:00]} Kd6 {[%emt 0:01:16]} 38. g3 {[%emt 0:00:08]} 1/2-1/2